[Event "Brighton op"]
[Site "Brighton"]
[Date "2010.11.14"]
[Round "5"]
[White "Walker, David R"]
[Black "Dean, Robert A"]
[Result "0-1"]
[WhiteElo "1626"]
[BlackElo "1882"]
[PlyCount "30"]
[EventDate "2010.11.12"]
[EventType "swiss"]
[EventRounds "5"]
[EventCountry "ENG"]
[SourceTitle "EXT 2011"]
[Source "ChessBase"]
[SourceDate "2010.11.26"]
[SourceVersion "1"]
[SourceVersionDate "2010.11.26"]
[SourceQuality "1"]

1. d4 d5 2. c4 c6 3. Nc3 Nf6 4. Bg5 dxc4 5. a4 e6 6. e3 Nbd7 7. Bxc4 Qa5 8. Bh4 Ne4 9. Nge2 Bb4 10. Qc2 Qf5 11. 0-0 Nxc3 12. Qxf5 Nxe2+ 13. Bxe2 exf5 14. Bd3 Nb6 15. f3 0-0 0-1

[Event "Brighton op"]
[Site "Brighton"]
[Date "2010.11.12"]
[Round "1"]
[White "Walker, David R"]
[Black "Strauss, Donna"]
[Result "0-1"]
[WhiteElo "1626"]
[BlackElo "1834"]
[PlyCount "58"]
[EventDate "2010.11.12"]
[EventType "swiss"]
[EventRounds "5"]
[EventCountry "ENG"]
[SourceTitle "EXT 2011"]
[Source "ChessBase"]
[SourceDate "2010.11.26"]
[SourceVersion "1"]
[SourceVersionDate "2010.11.26"]
[SourceQuality "1"]

1. d4 Nf6 2. c4 g6 3. Nc3 Bg7 4. e4 d6 5. Nge2 0-0 6. Ng3 e5 7. d5 c6 8. Be2 cxd5 9. exd5 Nbd7 10. h4 h5 11. Bg5 Qb6 12. b3 Nh7 13. Bxh5 gxh5 14. Qxh5 Ndf6 15. Qf3 Bg4 16. Qd3 Qd4 17. Qc2 Rfe8 18. Be3 Nxd5 19. Bxd4 exd4+ 20. Nce2 Nf4 21. 0-0-0 Nxe2+ 22. Nxe2 Rxe2 23. Rd2 Bh6 24. Rhd1 Rxf2 25. Qe4 Bxd1 26. Kxd1 Rxd2+ 27. Ke1 Nf6 28. Qf3 Re8+ 29. Kf1 Ree2 0-1

[Event "Beacon Seniors op 60+"]
[Site "Exmouth"]
[Date "2005.11.16"]
[Round "3"]
[White "Walker, David R"]
[Black "Frost, William A"]
[Result "1-0"]
[WhiteElo "1576"]
[BlackElo "1288"]
[PlyCount "85"]
[EventDate "2005.11.14"]
[EventType "swiss"]
[EventRounds "5"]
[EventCountry "ENG"]
[SourceTitle "EXT 2007"]
[Source "ChessBase"]
[SourceDate "2006.11.23"]
[SourceVersion "1"]
[SourceVersionDate "2006.11.23"]
[SourceQuality "1"]

1. d4 Nf6 2. c4 g6 3. Nc3 Bg7 4. e4 d6 5. f3 0-0 6. Be3 Nbd7 7. Qd2 c5 8. h4 Qc7 9. Nh3 a6 10. Be2 Nb6 11. d5 Bd7 12. Bh6 Na4 13. Bxg7 Kxg7 14. Nxa4 Bxa4 15. g4 Bd7 16. h5 e6 17. hxg6 hxg6 18. Kf2 exd5 19. cxd5 Bxg4 20. Nf4 c4 21. Ne6+ fxe6 22. Qh6+ Kf7 23. Qh7+ Nxh7 24. Rxh7+ Kf6 25. Rxc7 Kg5 26. Rg1 Rf4 27. Rxg4+ Rxg4 28. fxg4 exd5 29. exd5 b5 30. Rc6 Rf8+ 31. Kg3 Re8 32. Kf2 Rf8+ 33. Bf3 Rh8 34. Rxd6 Rh2+ 35. Bg2 Rh4 36. Kf3 Rxg4 37. Rxg6+ Kxg6 38. Kxg4 Kf6 39. Kf4 Ke7 40. Ke5 b4 41. Kd4 a5 42. Kxc4 Kd6 43. Kb5 1-0

[Event "Beacon Seniors op 60+"]
[Site "Exmouth"]
[Date "2005.11.14"]
[Round "1"]
[White "Walker, David R"]
[Black "Patching, Geoffrey R"]
[Result "1-0"]
[WhiteElo "1576"]
[BlackElo "960"]
[PlyCount "57"]
[EventDate "2005.11.14"]
[EventType "swiss"]
[EventRounds "5"]
[EventCountry "ENG"]
[SourceTitle "EXT 2007"]
[Source "ChessBase"]
[SourceDate "2006.11.23"]
[SourceVersion "1"]
[SourceVersionDate "2006.11.23"]
[SourceQuality "1"]

1. d4 d5 2. c4 e6 3. Nc3 Nf6 4. Bg5 Be7 5. e3 h6 6. Bh4 0-0 7. cxd5 exd5 8. Bd3 Bg4 9. f3 Bh5 10. Qc2 Qe8 11. Bxf6 Bxf6 12. Nge2 Qxe3 13. Nxd5 Qg5 14. Nxf6+ Qxf6 15. 0-0-0 Nc6 16. Qd2 Bg6 17. Be4 a5 18. g4 b6 19. h4 Rad8 20. Qe3 Nb4 21. Nc3 Rfe8 22. g5 Qe6 23. gxh6 Nxa2+ 24. Nxa2 Qxa2 25. hxg7 Qa1+ 26. Kc2 Qa4+ 27. Kb1 Bxe4+ 28. fxe4 Rd7 29. Qh6 1-0